علم النفس الأسري : (رقم التسجيلة. 99773)

تفاصيل مارك
000 -الفاتح
عناصر البيانات ثابتة الطول 00770cam a2200205 i 4500
005 - تاريخ ووقت آخر معاملة
حقل ضبط 20251110115635.0
008 - عناصر البيانات ثابتة الطول
عناصر البيانات ثابتة الطول 250721s2004 jo gr 000 0 ara d
082 14 - رقم تصنيف ديوي العشري
رقم التصنيف 155.645
رقم المادة ع ي س
100 1# - مدخل رئيسي – اسم شخصي
الاسم الشخصي العيسوي، عبد الرحمن
علاقة الشخص بالعمل/ دوره مؤلف.
245 10 - بيان العنوان
العنوان علم النفس الأسري :
بقية العنوان المشكلات و البرامج الإرشادية /
بيان المسؤولية تأليف أ.د. عبد الرحمن العيسوس.
250 ## - بيان الطبعة
بيان الطبعة الطبعة الأولى.
264 31 - بيانات النشر، التوزيع…إلخ
مكان النشر، التوزيع...إلخ عمان :
اسم الناشر، الموزع...إلخ دار أسامة للنشر والتوزيع،
تاريخ النشر، التوزيع...إلخ 2004.
300 ## - الوصف المادي
عدد الوحدات المكونة للوعاء 200 صفحة.
650 17 - مدخل إضافي بالموضوع - مصطلح موضوعي
مصطلح موضوعي أو اسم جغرافي كعنصر مدخل علم النفس.
650 17 - مدخل إضافي بالموضوع - مصطلح موضوعي
مصطلح موضوعي أو اسم جغرافي كعنصر مدخل الافراد المتزجون.
650 17 - مدخل إضافي بالموضوع - مصطلح موضوعي
مصطلح موضوعي أو اسم جغرافي كعنصر مدخل الطرق.
650 17 - مدخل إضافي بالموضوع - مصطلح موضوعي
مصطلح موضوعي أو اسم جغرافي كعنصر مدخل الاسرة.
942 ## - بيانات إضافية (كوها)
نوع التنصيف Dewey Decimal Classification
نوع المادة (كوها) كتب
المقتنيات
حالة السحب حالة الفقدان مصدر التصنيف حالة التلف غير قابل للإعارة المكتبة الرئيسية المكتبة الحالية موقع الرف تاريخ التزويد الرقم المتسلسل Total Checkouts رقم الإستدعاء الباركود تاريخ آخر ظهور تاريخ الفاتورة نوع المادة (كوها)
    Dewey Decimal Classification     المكتبة المركزية المكتبة المركزية الإعارة 28/07/2025 1026647   155.645 / ع ي س 1026647 28/07/2025 28/07/2025 كتب
    Dewey Decimal Classification   Not For Loan المكتبة المركزية المكتبة المركزية مقتنيات قسم التزويد 28/07/2025 1026649   155.645/عيس 1026649 28/07/2025 28/07/2025 كتب
    Dewey Decimal Classification     مكتبة أبو علندا العامة مكتبة أبو علندا العامة الإعارة 28/07/2025 1026659   155.645/عيس 1026659 28/07/2025 28/07/2025 كتب
    Dewey Decimal Classification     مكتبة أم قصير والمقابلين العامة مكتبة أم قصير والمقابلين العامة الإعارة 28/07/2025 1026658   155.645/عيس 1026658 28/07/2025 28/07/2025 كتب
    Dewey Decimal Classification     مكتبة الأميرة ايمان العامة مكتبة الأميرة ايمان العامة الإعارة 28/07/2025 1026650   155.645/عيس 1026650 28/07/2025 28/07/2025 كتب
    Dewey Decimal Classification     مكتبة الاميرة بديعة مكتبة الاميرة بديعة الإعارة 28/07/2025 1026653   155.645/عيس 1026653 28/07/2025 28/07/2025 كتب
    Dewey Decimal Classification     مكتبة البراءة للأطفال مكتبة البراءة للأطفال الإعارة 28/07/2025 1026662   155.645/عيس 1026662 28/07/2025 28/07/2025 كتب
    Dewey Decimal Classification     مكتبة الجويدة مكتبة الجويدة الإعارة 28/07/2025 1026654   155.645/عيس 1026654 28/07/2025 28/07/2025 كتب
    Dewey Decimal Classification     مكتبة الحسن العامة مكتبة الحسن العامة الإعارة 28/07/2025 1026655   155.645/عيس 1026655 28/07/2025 28/07/2025 كتب
    Dewey Decimal Classification     مكتبة النصر العامة مكتبة النصر العامة الإعارة 28/07/2025 1026661   155.645/عيس 1026661 28/07/2025 28/07/2025 كتب
    Dewey Decimal Classification     مكتبة حمزة العامة مكتبة حمزة العامة الإعارة 28/07/2025 1026656   155.645/عيس 1026656 28/07/2025 28/07/2025 كتب
    Dewey Decimal Classification     مكتبة صويلح العامة مكتبة صويلح العامة الإعارة 28/07/2025 1026651   155.645/عيس 1026651 28/07/2025 28/07/2025 كتب
    Dewey Decimal Classification     مكتبة وادي السير العامة مكتبة وادي السير العامة الإعارة 28/07/2025 1026660   155.645/عيس 1026660 28/07/2025 28/07/2025 كتب
Implemented & Customized by: BBB with SCIT (Smart Chains for Information Technology)

Powered by Koha